[Event "Hamburg St Pauli op-B"]
[Site "Hamburg"]
[Date "2013.07.06"]
[Round "1"]
[White "Buedenbender, Timo"]
[Black "Graffenberger, Marianne"]
[Result "1-0"]
[WhiteElo "1839"]
[BlackElo "1520"]
[PlyCount "59"]
[EventDate "2013.07.06"]
[EventType "swiss"]
[EventRounds "9"]
[EventCountry "GER"]
[SourceTitle "EXT 2014"]
[Source "ChessBase"]
[SourceDate "2013.11.20"]
[SourceVersion "1"]
[SourceVersionDate "2013.11.20"]
[SourceQuality "1"]

1. d4 d5 2. c4 Nf6 3. cxd5 Nxd5 4. e4 Nf6 5. Nc3 c6 6. Nf3 Bg4 7. Be2 e6 8. Bg5 Be7 9. 0-0 0-0 10. Qb3 Qb6 11. e5 h6 12. exf6 Bd6 13. fxg7 Kxg7 14. Be3 Qxb3 15. axb3 a6 16. Ne4 Be7 17. h3 Bf5 18. Nc5 Bxc5 19. dxc5 Nd7 20. Rfd1 Nf6 21. Bd3 Ne4 22. Ne5 Kh7 23. Ra4 Nf6 24. Bxf5+ exf5 25. Rd6 Ne4 26. Rxh6+ Kg8 27. g4 Rad8 28. gxf5 Rd1+ 29. Kg2 Nd2 30. Rg4# 1-0

[Event "Hamburg St Pauli op-B"]
[Site "Hamburg"]
[Date "2011.07.15"]
[Round "8"]
[White "Kololli, Kevin"]
[Black "Buedenbender, Timo"]
[Result "1-0"]
[WhiteElo "1741"]
[BlackElo "1641"]
[PlyCount "79"]
[EventDate "2011.07.09"]
[EventType "swiss"]
[EventRounds "9"]
[EventCountry "GER"]
[SourceTitle "CBM 143 Extra"]
[Source "ChessBase"]
[SourceDate "2011.08.29"]
[SourceVersion "1"]
[SourceVersionDate "2011.08.29"]
[SourceQuality "1"]

1. e4 c5 2. c3 d5 3. exd5 Qxd5 4. d4 Nc6 5. Nf3 Bg4 6. Be2 e6 7. 0-0 Nf6 8. Be3 cxd4 9. cxd4 Bd6 10. Nc3 Qa5 11. Nd2 Bxe2 12. Qxe2 Qc7 13. h3 a6 14. Nc4 Be7 15. Rac1 0-0 16. Ne5 Bd6 17. Ng4 Nxg4 18. Qxg4 f5 19. Qe2 f4 20. d5 exd5 21. Nxd5 Qa5 22. Nxf4 Bxf4 23. Qc4+ Kh8 24. Bxf4 Rad8 25. Be3 Qh5 26. Qc5 Qf7 27. b3 Rd5 28. Qc2 Rh5 29. Qe4 Re8 30. Qf4 Rf5 31. Qg3 Re6 32. Rc5 Rff6 33. Rc4 h6 34. Rf4 Rxf4 35. Qxf4 Rf6 36. Qe4 Re6 37. Qc2 Qh5 38. Bf4 Rg6 39. Kh2 Qd5 40. Qxg6 1-0

[Event "Hamburg St Pauli op-B"]
[Site "Hamburg"]
[Date "2011.07.14"]
[Round "7"]
[White "Buedenbender, Timo"]
[Black "Raedisch, Peter"]
[Result "1-0"]
[WhiteElo "1641"]
[BlackElo "1757"]
[PlyCount "107"]
[EventDate "2011.07.09"]
[EventType "swiss"]
[EventRounds "9"]
[EventCountry "GER"]
[SourceTitle "CBM 143 Extra"]
[Source "ChessBase"]
[SourceDate "2011.08.29"]
[SourceVersion "1"]
[SourceVersionDate "2011.08.29"]
[SourceQuality "1"]

1. d4 d5 2. c4 dxc4 3. e4 b5 4. a4 b4 5. Bxc4 e6 6. Be3 Bb7 7. Nd2 Nf6 8. Qc2 Be7 9. Ngf3 0-0 10. 0-0 a5 11. Rac1 Nbd7 12. Ng5 h6 13. Nxe6 fxe6 14. Bxe6+ Kh8 15. Qxc7 Ba6 16. Rfe1 Rc8 17. Qxd8 Rfxd8 18. Rxc8 Rxc8 19. e5 Rc2 20. exf6 Nxf6 21. b3 Bd3 22. Nc4 Bd8 23. Ne5 Be4 24. Nf7+ Kh7 25. Nxd8 Rc3 26. Nf7 Bd5 27. Bxd5 Nxd5 28. Rb1 Nxe3 29. fxe3 Rxe3 30. Kf2 Rd3 31. Ne5 Rxd4 32. Nc4 Rd5 33. Re1 Rf5+ 34. Kg3 Rg5+ 35. Kh3 Rh5+ 36. Kg3 Rg5+ 37. Kf2 Rf5+ 38. Kg1 Rd5 39. Re5 Rd3 40. Nxa5 Kg6 41. Kf2 Kf6 42. Re3 Rd5 43. Nc4 g5 44. a5 Rd1 45. Rf3+ Ke6 46. Rh3 g4 47. Rxh6+ Kd7 48. Rd6+ Rxd6 49. Nxd6 Kxd6 50. h4 gxh3 51. gxh3 Kc6 52. h4 Kb5 53. h5 Kxa5 54. h6 1-0

[Event "Hamburg St Pauli op-B"]
[Site "Hamburg"]
[Date "2011.07.10"]
[Round "2"]
[White "Opasiak, Dustin Tennessee"]
[Black "Buedenbender, Timo"]
[Result "1/2-1/2"]
[WhiteElo "1733"]
[BlackElo "1641"]
[PlyCount "102"]
[EventDate "2011.07.09"]
[EventType "swiss"]
[EventRounds "9"]
[EventCountry "GER"]
[SourceTitle "CBM 143 Extra"]
[Source "ChessBase"]
[SourceDate "2011.08.29"]
[SourceVersion "1"]
[SourceVersionDate "2011.08.29"]
[SourceQuality "1"]

1. e4 e5 2. Nf3 Nc6 3. Bb5 a6 4. Ba4 Nf6 5. 0-0 d6 6. Re1 b5 7. Bb3 Bg4 8. h3 Bh5 9. c3 Be7 10. Bc2 0-0 11. d3 Nb8 12. Nbd2 c5 13. Nf1 h6 14. Ng3 Bg6 15. a4 Nc6 16. Nh4 Bh7 17. Nhf5 b4 18. d4 bxc3 19. bxc3 Re8 20. d5 Nb8 21. Nh5 Bf8 22. Nxf6+ Qxf6 23. Qg4 Bxf5 24. exf5 Nd7 25. Rb1 Reb8 26. Bd2 Be7 27. a5 Qh4 28. Qf3 Rb5 29. Re4 Rxb1+ 30. Bxb1 Qf6 31. g4 g5 32. Qd1 Bf8 33. Qa4 Qd8 34. Re1 Nf6 35. c4 Rb8 36. Bc2 Qc8 37. Qa1 Be7 38. Rb1 Rb7 39. Rb6 Rxb6 40. axb6 Bd8 41. Qb2 Qb7 42. Ba5 Nd7 43. f3 f6 44. Ba4 Nxb6 45. Qb3 Bc7 46. Be8 Kf8 47. Bg6 Qb8 48. Bxb6 Bxb6 49. Qa4 Qc8 50. Kg2 Ke7 51. h4 Kf8 1/2-1/2

[Event "RLP-ch MTB 26th"]
[Site "Ludwigshafen"]
[Date "2007.07.22"]
[Round "7"]
[White "Buedenbender, Timo"]
[Black "Freising, Manuel"]
[Result "1/2-1/2"]
[WhiteElo "1672"]
[BlackElo "1923"]
[PlyCount "43"]
[EventDate "2007.07.13"]
[EventType "swiss"]
[EventRounds "7"]
[EventCountry "GER"]
[SourceTitle "EXT 2009"]
[Source "ChessBase"]
[SourceDate "2008.11.26"]
[SourceVersion "1"]
[SourceVersionDate "2008.11.26"]
[SourceQuality "1"]

1. d4 Nf6 2. Nf3 d5 3. e3 e6 4. Bd3 c5 5. c3 Nc6 6. Nbd2 Bd6 7. 0-0 0-0 8. dxc5 Bxc5 9. e4 Qc7 10. Re1 h6 11. exd5 Nxd5 12. Ne4 Be7 13. Qc2 Bd7 14. Bd2 Rac8 15. a3 a6 16. c4 Nf4 17. Bf1 Ng6 18. b4 Nce5 19. Nxe5 Nxe5 20. Rac1 Ng4 21. Ng3 Bc6 22. c5 1/2-1/2

[Event "RLP-ch MTB 26th"]
[Site "Ludwigshafen"]
[Date "2007.07.20"]
[Round "6"]
[White "Zielenski, Horst"]
[Black "Buedenbender, Timo"]
[Result "1/2-1/2"]
[WhiteElo "1851"]
[BlackElo "1672"]
[PlyCount "87"]
[EventDate "2007.07.13"]
[EventType "swiss"]
[EventRounds "7"]
[EventCountry "GER"]
[SourceTitle "EXT 2009"]
[Source "ChessBase"]
[SourceDate "2008.11.26"]
[SourceVersion "1"]
[SourceVersionDate "2008.11.26"]
[SourceQuality "1"]

1. d4 f5 2. e4 fxe4 3. Nc3 Nf6 4. Bg5 g6 5. f3 e3 6. Bxe3 Bg7 7. Bd3 d6 8. Qd2 Nc6 9. Bh6 Rg8 10. Bxg7 Rxg7 11. Ne4 d5 12. Nxf6+ exf6 13. Ne2 Re7 14. 0-0-0 Qd6 15. c3 Bd7 16. Kb1 0-0-0 17. Nc1 Rde8 18. Nb3 b6 19. Qc2 Kb8 20. Ba6 Bf5 21. Bd3 Bxd3 22. Qxd3 Re2 23. Rd2 Re1+ 24. Rxe1 Rxe1+ 25. Rd1 Rxd1+ 26. Qxd1 Qxh2 27. Qe2 Qd6 28. Qe8+ Kb7 29. a4 Qe7 30. Qg8 Qd7 31. Ka2 Nd8 32. Kb1 Ne6 33. a5 Nf4 34. g4 f5 35. Qf8 Nd3 36. g5 f4 37. Qf6 Qf5 38. Ka2 Ne1 39. Qd8 Nxf3 40. a6+ Kc6 41. Qa8+ Kd6 42. Z0 Qd7 43. Qf8+ Kc6 44. Qb4 1/2-1/2

[Event "RLP-ch MTB 26th"]
[Site "Ludwigshafen"]
[Date "2007.07.15"]
[Round "5"]
[White "Buedenbender, Timo"]
[Black "Meng, Gunter"]
[Result "1/2-1/2"]
[WhiteElo "1672"]
[BlackElo "2017"]
[PlyCount "71"]
[EventDate "2007.07.13"]
[EventType "swiss"]
[EventRounds "7"]
[EventCountry "GER"]
[SourceTitle "EXT 2009"]
[Source "ChessBase"]
[SourceDate "2008.11.26"]
[SourceVersion "1"]
[SourceVersionDate "2008.11.26"]
[SourceQuality "1"]

1. d4 d5 2. e3 Bf5 3. Nf3 e6 4. Bd3 Bxd3 5. cxd3 c6 6. 0-0 Nf6 7. a4 Be7 8. b3 0-0 9. Ba3 a5 10. Bxe7 Qxe7 11. Nbd2 Na6 12. Ne5 Nd7 13. f4 f6 14. Nxd7 Qxd7 15. Nf3 Rac8 16. Qd2 Nb4 17. Rac1 Rc7 18. Rc3 Rfc8 19. Rfc1 Qe7 20. Kh1 Na6 21. R3c2 Qb4 22. Qxb4 Nxb4 23. Rd2 c5 24. Kg1 Kf7 25. Kf2 cxd4 26. Rxc7+ Rxc7 27. Nxd4 Rc3 28. Ke2 Ke7 29. e4 g6 30. e5 fxe5 31. fxe5 Na6 32. Rc2 Rxc2+ 33. Nxc2 Nc5 34. Nd4 g5 35. g4 h6 36. h3 1/2-1/2

[Event "RLP-ch MTB 26th"]
[Site "Ludwigshafen"]
[Date "2007.07.15"]
[Round "4"]
[White "Faiss, Peter"]
[Black "Buedenbender, Timo"]
[Result "1/2-1/2"]
[WhiteElo "1936"]
[BlackElo "1672"]
[PlyCount "28"]
[EventDate "2007.07.13"]
[EventType "swiss"]
[EventRounds "7"]
[EventCountry "GER"]
[SourceTitle "EXT 2009"]
[Source "ChessBase"]
[SourceDate "2008.11.26"]
[SourceVersion "1"]
[SourceVersionDate "2008.11.26"]
[SourceQuality "1"]

1. d4 f5 2. g3 g6 3. Bg2 Nf6 4. c4 c5 5. Nf3 cxd4 6. Nxd4 Nc6 7. 0-0 Bg7 8. Nc3 0-0 9. c5 a6 10. Rb1 e5 11. Qb3+ Kh8 12. Nxc6 dxc6 13. e4 Qe7 14. Be3 Be6 1/2-1/2